Lung sounds : (Record no. 6799)
[ view plain ]
| 000 -LEADER | |
|---|---|
| fixed length control field | 01169pam a2200349 a 4500 |
| 001 - CONTROL NUMBER | |
| control field | 533661 |
| 005 - DATE AND TIME OF LATEST TRANSACTION | |
| control field | 20170822174944.0 |
| 008 - FIXED-LENGTH DATA ELEMENTS--GENERAL INFORMATION | |
| fixed length control field | 870831s1988 moua b 001 0 eng c |
| 010 ## - LIBRARY OF CONGRESS CONTROL NUMBER | |
| LC control number | 87024748 |
| 020 ## - INTERNATIONAL STANDARD BOOK NUMBER | |
| International Standard Book Number | 0801655323 |
| 040 ## - CATALOGING SOURCE | |
| Original cataloging agency | DNLM/DLC |
| Transcribing agency | BSU |
| Modifying agency | BSU |
| 050 10 - LIBRARY OF CONGRESS CALL NUMBER | |
| Classification number | RC734.A94 |
| Item number | W54 1988 |
| 060 ## - NATIONAL LIBRARY OF MEDICINE CALL NUMBER | |
| Classification number | WF 600 W685L |
| 082 00 - DEWEY DECIMAL CLASSIFICATION NUMBER | |
| Classification number | 616.2WIL |
| Edition number | 22 |
| 100 1# - MAIN ENTRY--PERSONAL NAME | |
| Personal name | Wilkins, Robert L. |
| 9 (RLIN) | 14687 |
| 245 10 - TITLE STATEMENT | |
| Title | Lung sounds : |
| Remainder of title | a practical guide / |
| Statement of responsibility, etc | Robert L. Wilkins, John E. Hodgkin, Brad Lopez ; [contributors, Cynthia A. Cline ... [et al.]] |
| 260 ## - PUBLICATION, DISTRIBUTION, ETC. (IMPRINT) | |
| Place of publication, distribution, etc | St. Louis : |
| Name of publisher, distributor, etc | Mosby, |
| Date of publication, distribution, etc | c1988. |
| 300 ## - PHYSICAL DESCRIPTION | |
| Extent | ix, 116 p. : |
| Other physical details | ill. ; |
| Dimensions | 24 cm. |
| 500 ## - GENERAL NOTE | |
| General note | Accompanied by an audio-tape. |
| 504 ## - BIBLIOGRAPHY, ETC. NOTE | |
| Bibliography, etc | Includes bibliographies and index. |
| 650 #0 - SUBJECT ADDED ENTRY--TOPICAL TERM | |
| Topical term or geographic name as entry element | Auscultation. |
| 9 (RLIN) | 14688 |
| 650 #0 - SUBJECT ADDED ENTRY--TOPICAL TERM | |
| Topical term or geographic name as entry element | Lungs |
| General subdivision | Diseases |
| -- | Diagnosis. |
| 9 (RLIN) | 14689 |
| 650 #0 - SUBJECT ADDED ENTRY--TOPICAL TERM | |
| Topical term or geographic name as entry element | Lungs |
| General subdivision | Examination. |
| 9 (RLIN) | 14690 |
| 650 #2 - SUBJECT ADDED ENTRY--TOPICAL TERM | |
| Topical term or geographic name as entry element | Auscultation |
| General subdivision | methods. |
| 9 (RLIN) | 14691 |
| 650 #2 - SUBJECT ADDED ENTRY--TOPICAL TERM | |
| Topical term or geographic name as entry element | Lung. |
| 9 (RLIN) | 14692 |
| 650 #2 - SUBJECT ADDED ENTRY--TOPICAL TERM | |
| Topical term or geographic name as entry element | Respiratory Sounds. |
| 9 (RLIN) | 14693 |
| 658 ## - INDEX TERM--CURRICULUM OBJECTIVE | |
| Main curriculum objective | Medicine |
| 700 1# - ADDED ENTRY--PERSONAL NAME | |
| Personal name | Hodgkin, John E. |
| Fuller form of name | (John Elliott), |
| Dates associated with a name | 1939- |
| 9 (RLIN) | 14694 |
| 700 1# - ADDED ENTRY--PERSONAL NAME | |
| Personal name | Lopez, Brad. |
| 9 (RLIN) | 14695 |
| 906 ## - LOCAL DATA ELEMENT F, LDF (RLIN) | |
| a | 7 |
| b | cbc |
| c | orignew |
| d | 1 |
| e | ocip |
| f | 19 |
| g | y-gencatlg |
| 942 ## - ADDED ENTRY ELEMENTS (KOHA) | |
| Source of classification or shelving scheme | Dewey Decimal Classification |
| Item type | Books |
| Withdrawn status | Lost status | Source of classification or shelving scheme | Damaged status | Not for loan | Collection code | Home library | Current library | Shelving location | Date acquired | Source of acquisition | Total Checkouts | Full call number | Barcode | Date last seen | Copy number | Price effective from | Koha item type |
|---|---|---|---|---|---|---|---|---|---|---|---|---|---|---|---|---|---|
| Dewey Decimal Classification | Main Library | Main Library | 23/09/2011 | Donation | 616.2WIL | 5298 | 23/09/2013 | 1 | 23/09/2013 | Books |